| 000 | 00583nam a2200205Ia 4500 | ||
|---|---|---|---|
| 003 | GCL | ||
| 008 | 140319s9999 xx 000 0 ara d | ||
| 040 |
_aGCL / _cGCL |
||
| 082 | 0 | 4 |
_a220 _bى م |
| 100 | 1 | _aيحيى المعلمى | |
| 245 | 1 | 0 |
_aمكارم الاخلاق فى القران الكريم / _cيحيى المعلمى |
| 260 |
_a[S.N] : _bدار القافلة ، _c1986 |
||
| 300 | _a340 ص | ||
| 490 | _a | ||
| 650 | 0 | 4 | _aالاسلام |
| 650 | 0 | 4 | _aالاخلاق الاسلامية |
| 650 | 0 | 4 | _aالاخلاق |
| 650 | 0 | 4 | _aالقران |
| 942 |
_2ddc _cBK |
||
| 999 |
_c47117 _d47117 |
||